Rhymes With Flea - Statistics

General Stats
  • This quiz has been taken 353 times
    309 since last reset
  • The average score is 20 of 23
Answer Stats
Hint Answer % Correct
B Be
100%
W We
98%
B Bee
97%
M Me
96%
S See
96%
T Tee
95%
F Fee
94%
F Flee
93%
P Pee
93%
F Free
91%
T Tea
91%
P Pea
90%
P Plea
90%
G Glee
89%
S Sea
89%
T Tree
89%
W Wee
89%
K Key
86%
S She
82%
B Brie
66%
S Ski
65%
S Spree
57%
K Knee
56%
No matching quizzes found
Score Distribution
Percent of People with Each Score
Percentile by Number Answered
Your Score History
You have not taken this quiz since the last reset